Trenerzy piłki nożnej na literę G - Statystyki

Ogólne statystyki
  • Ten quiz został rozwiązany 25 razy
  • Średni wynik to 4 z 11
Statystyki odpowiedzi
Prowadzone zespoły Odpowiedź % Poprawnych
FC Barcelona 2008-2012Bayern Monachium 2013-2016 Manchester City 2016- Pep Guardiola
86%
Polska 1970-1976Panathinaikos Ateny 1976-1978 Olympiakos Pireus 1980-1981 Kazimierz Górski
71%
Polska 1976-1978Larisa 1982-1983 1986-1988 Panathinaikos Ateny 1983-1985 Jacek Gmoch
67%
Ajax Amsterdam 1991-1997FC Barcelona 1997-2000 Holandia 2000-2002 2012-2014 AZ Alkmaar 2005-2009 Bayern Monachium 2009-2011 Manchester United 2014-2016 Louis van Gaal
67%
Atalanta Bergamo 2016-2025 AS Roma 2025- Gian Piero Gasperini
43%
Saint-Etienne 2009-2017Lille 2017-2021 PSG 2022-2023 Christophe Galtier
38%
Lille 2008-2013AS Roma 2013-2016 Olympique Marsylia 2016-2019 Olympique Lyon 2019-2021 Belgia 2025- Rudi Garcia
29%
Arsenal 1986-1995 Leeds 1996-1998 Tottenham 1999-2002 George Graham
5%
Belgia 1966-1976Anderlecht Bruksela 1976-1979 1987-1989 Standard Liege 1981-1984 Olympique Marsylia 1990-1993 Raymond Goethals
5%
Trabzonspor 1992-1996 2009-2013 2024-2025 Turcja 2000-2004 2019-2021 Besiktas 2015-2019 Senol Gunes
5%
Ałania Władykaukaz 1994-1999 CSKA Moskwa 2001-2003 2004-2008 Rosja 2002-2003 Walerij Gazzajew
5%
Nie znaleziono quizów pasujących do podanych kryteriów
Rozkład punktacji
Procent ludzi z każdym wynikiem
Percentyl według liczby udzielonych odpowiedzi
Twoja historia wyników
Nie rozwiązałeś tego quizu